000
00284nam a2200121Ia 4500
008
191201s2015 xx 000 0 und d
100
_a
MITTAL,R.K
245
0
_a
Financial Management Sem. 4
260
_a
N. delhi
_b
V.K.Pub
_c
2015
300
_a
216
650
_a
BBA
942
_2
ddc
_c
BK
_0
1
999
_c
6206
_d
6206